000 00329nam a22001457a 4500
008 221108b ||||| |||| 00| 0 eng d
020 _a0470266511
041 _aeng
080 _a159.9
082 _a159.9 CER
100 _a25
101 _aPSI
245 _aLEVELS OF PROCESSING IN HUMAN MEMORY
_cCERMAK L
942 _2udc
_cBK
999 _c58786
_d58786